书目信息 |
| 题名: |
普通植物病理学
|
|
| 作者: | 谢联辉 | |
| 分册: | ||
| 出版信息: | 北京 科学出版社 2006 |
|
| 页数: | 420 | |
| 开本: | 26cm | |
| 丛书名: | ||
| 单 册: | ||
| 中图分类: | S432.1 | |
| 科图分类: | ||
| 主题词: | 植物--病虫害 , 植物--病虫害防治方法 | |
| 电子资源: | ||
| ISBN: | 7-03-017656-1 | |
| 000 | 00544nam0 2200193 450 | |
| 001 | 0741144344 | |
| 005 | 20070817112544.34 | |
| 010 | @a7-03-017656-1@d¥35.00 | |
| 100 | @a20070817d km y0chiy0120 ea | |
| 101 | 0 | @achi |
| 200 | 1 | @a普通植物病理学@Apu tong zhi wu bing li xue@f谢联辉@Fxie lian hui |
| 210 | @a北京@c科学出版社@d2006 | |
| 215 | @a420@c彩图@d26cm | |
| 606 | 0 | @a植物@x病虫害 |
| 606 | 0 | @a植物@x病虫害防治方法 |
| 690 | @aS432.1@v3 | |
| 701 | 0 | @a谢联辉@Axie lian hui |
| 801 | 0 | @aCN@bPFT@c20070817 |
| 905 | @a213230@dS432.1@en4@f1 | |
| 普通植物病理学/谢联辉.-北京:科学出版社,2006 |
| 420:彩图;26cm |
| ISBN 7-03-017656-1:¥35.00 |
| ● |
| 相关链接 |
|
|
|
|
正题名:普通植物病理学
索取号:S432.1/n4
 
预约/预借
| 序号 | 登录号 | 条形码 | 馆藏地/架位号 | 状态 | 备注 |
| 1 | 6601340 | 266013440 | 密集书库-生命科学系/ [索取号:S432.1/n4] | 在馆 |